|
|
|
|
| LEADER |
03194nam a2200601 4500 |
| 001 |
978-3-540-44927-0 |
| 003 |
DE-He213 |
| 005 |
20191024111629.0 |
| 007 |
cr nn 008mamaa |
| 008 |
121227s2000 gw | s |||| 0|eng d |
| 020 |
|
|
|a 9783540449270
|9 978-3-540-44927-0
|
| 024 |
7 |
|
|a 10.1007/b75215
|2 doi
|
| 040 |
|
|
|d GrThAP
|
| 050 |
|
4 |
|a QA76.9.D335
|
| 072 |
|
7 |
|a GPJ
|2 bicssc
|
| 072 |
|
7 |
|a COM053000
|2 bisacsh
|
| 072 |
|
7 |
|a GPJ
|2 thema
|
| 072 |
|
7 |
|a URY
|2 thema
|
| 082 |
0 |
4 |
|a 005.82
|2 23
|
| 245 |
1 |
0 |
|a SEMPER - Secure Electronic Marketplace for Europe
|h [electronic resource] /
|c edited by Gerard Lacoste, Birgit Pfitzmann, Michael Steiner, Michael Waidner.
|
| 250 |
|
|
|a 1st ed. 2000.
|
| 264 |
|
1 |
|a Berlin, Heidelberg :
|b Springer Berlin Heidelberg :
|b Imprint: Springer,
|c 2000.
|
| 300 |
|
|
|a XVIII, 342 p.
|b online resource.
|
| 336 |
|
|
|a text
|b txt
|2 rdacontent
|
| 337 |
|
|
|a computer
|b c
|2 rdamedia
|
| 338 |
|
|
|a online resource
|b cr
|2 rdacarrier
|
| 347 |
|
|
|a text file
|b PDF
|2 rda
|
| 490 |
1 |
|
|a Lecture Notes in Computer Science,
|x 0302-9743 ;
|v 1854
|
| 505 |
0 |
|
|a The Vision of SEMPER -- I. The Vision of SEMPER -- Secure Electronic Commerce -- Technical Framework -- Legal Framework -- Vision of Future Products -- II. Project Achievements -- Project Achievements -- 5: Organizational Overview -- Architecture -- Experiments -- The Fair Internet Trader -- The Commerce Layer: A Framework for Commercial Transactions -- Fair Exchange: A New Paradigm for Electronic Commerce -- 11: The Payment Framework -- 12: Trust Management in the Certificate Block -- 13: Limiting Liability in Electronic Commerce -- 14: Legal Aspects -- Future Directions in Secure Electronic Commerce.
|
| 650 |
|
0 |
|a Data encryption (Computer science).
|
| 650 |
|
0 |
|a Computer communication systems.
|
| 650 |
|
0 |
|a Management information systems.
|
| 650 |
|
0 |
|a Computer science.
|
| 650 |
|
0 |
|a Information technology.
|
| 650 |
|
0 |
|a Business-Data processing.
|
| 650 |
1 |
4 |
|a Cryptology.
|0 http://scigraph.springernature.com/things/product-market-codes/I28020
|
| 650 |
2 |
4 |
|a Computer Communication Networks.
|0 http://scigraph.springernature.com/things/product-market-codes/I13022
|
| 650 |
2 |
4 |
|a Management of Computing and Information Systems.
|0 http://scigraph.springernature.com/things/product-market-codes/I24067
|
| 650 |
2 |
4 |
|a IT in Business.
|0 http://scigraph.springernature.com/things/product-market-codes/522000
|
| 700 |
1 |
|
|a Lacoste, Gerard.
|e editor.
|4 edt
|4 http://id.loc.gov/vocabulary/relators/edt
|
| 700 |
1 |
|
|a Pfitzmann, Birgit.
|e editor.
|4 edt
|4 http://id.loc.gov/vocabulary/relators/edt
|
| 700 |
1 |
|
|a Steiner, Michael.
|e editor.
|4 edt
|4 http://id.loc.gov/vocabulary/relators/edt
|
| 700 |
1 |
|
|a Waidner, Michael.
|e editor.
|4 edt
|4 http://id.loc.gov/vocabulary/relators/edt
|
| 710 |
2 |
|
|a SpringerLink (Online service)
|
| 773 |
0 |
|
|t Springer eBooks
|
| 776 |
0 |
8 |
|i Printed edition:
|z 9783540678250
|
| 776 |
0 |
8 |
|i Printed edition:
|z 9783662163092
|
| 830 |
|
0 |
|a Lecture Notes in Computer Science,
|x 0302-9743 ;
|v 1854
|
| 856 |
4 |
0 |
|u https://doi.org/10.1007/b75215
|z Full Text via HEAL-Link
|
| 912 |
|
|
|a ZDB-2-SCS
|
| 912 |
|
|
|a ZDB-2-LNC
|
| 912 |
|
|
|a ZDB-2-BAE
|
| 950 |
|
|
|a Computer Science (Springer-11645)
|